000 00528nam a2200217Ia 4500
003 OSt
005 20140313134849.0
008 140130s9999 xx 000 0 und d
020 _a9780590442602
050 _aPZ 7
_b.B852Ct 1966
100 _aBridwell, Norman
245 _aClifford Takes a trip /
_cNorman Bridwell.
260 _bScholastic,
_c1966.
_anew York :
300 _a28 p. :
_bcol. ill. ;
_c19 cm.
440 _v1
521 _aG2
526 _c410
942 _cBK
_2lcc
999 _c40259
_d40259